Top 10 Artist in each Genre (My Opinion) - Statistics

General Stats
  • This quiz has been taken 19 times
    10 since last reset
  • The average score is 25 of 80
Answer Stats
Hint Answer Song % Correct
Rapper 3 Kendrick Lamar M.a.a.D City
100%
Classic Rock 9 Bon Jovi Livin On A Prayer
80%
Pop 2 Maroon 5 This Love
80%
Classic Rock 7 Queen Bohemian Rhapsody
80%
Rock 6 Radiohead Creep
80%
RnB 2 Bruno Mars Grenade
70%
Rapper 2 Drake Marvin's Room
70%
Pop 5 fun. We Are Young
70%
Classic Rock 10 Metallica Enter Sandman
70%
Classic Rock 3 The Eagles Hotel California
70%
Rock 10 The Killers Mr. Brightside
70%
K-POP 1 BTS Butter
60%
Rock 3 Green Day Basket Case
60%
Rock 1 Nickelback How You Remind Me
60%
Classic Rock 5 AC/DC Thunder Struck
50%
Indie Pop 6 Arctic Monkeys 505
50%
Rapper 1 J Cole MIDDLE CHILD
50%
Pop 1 Justin Timberlake Mirrors
50%
Rapper 5 Kanye West I Wonder
50%
Pop 3 Khalid Location
50%
Country 4 Randy Travis Forever and Ever, Amen
50%
Pop 10 Shawn Mendes Stitches
50%
Rapper 9 Travis Scott goosebumps
50%
Rapper 4 21 Savage A lot
40%
Rock 5 Creed With Arms Wide Open
40%
Classic Rock 2 Elton John Can You Feel The Love Tonight?
40%
RnB 3 Michael Jackson Man in the Mirror
40%
Pop 6 OneRepublic Apologize
40%
Pop 4 Sam Smith Too Good At Goodbyes
40%
RnB 5 Usher Burn
40%
Pop 8 Backstreet Boys Quit Playing Games
30%
Indie Pop 2 Beabadoobee Glue Song
30%
Classic Rock 1 Billy Joel Vienna
30%
Classic Rock 6 Black Sabbath Iron man
30%
Rock 7 Blink-182 What's My Age Again?
30%
Country 1 George Strait Ocean Front Property
30%
Indie Pop 9 Girl In Red we fell in love in october
30%
Rock 2 Linkin Park One Step Closer
30%
Classic Rock 4 Lynyrd Skynyrd Simple Man
30%
RnB 6 R.Kelly Ignition (Remix)
30%
Indie Pop 5 Steve Lacy Bad Habit
30%
RnB 8 SZA Broken Clocks
30%
Indie Pop 8 The Script The Man Who Can't Be Moved
30%
Rapper 10 Tyler, The Creator Judge Judy
30%
K-POP 6 V Winter Ahead
30%
Classic Rock 8 Aerosmith Livin On The Edge
20%
K-POP 2 Blackpink Ice cream
20%
Pop 9 Christina Aguilera What a Girl Wants
20%
K-POP 3 Jungkook Seven
20%
Indie Pop 1 Laufey From The Start
20%
Rock 9 Limp Bizkit Behind Blue Eyes
20%
Country 2 Toby Keith How Do You Like Me Now?!
20%
Country 6 Billy Currington People Are Crazy
10%
Country 9 Cody Johnson 'Til you Can't
10%
RnB 10 Daniel Caesar Best Part
10%
Rock 8 Fall Out Boys Sugar, We're Going Down
10%
Country 8 Jason Aldean Too Fast
10%
K-POP 7 Jennie Love to Hate Me
10%
Rapper 8 JID NEVER
10%
K-POP 4 Jimin Who
10%
Country 3 John Michael Montgomery Sold (The Grundy County Auction)
10%
RnB 4 Neyo So Sick
10%
Indie Pop 10 Suki Waterhouse Good Looking
10%
K-POP 9 TWICE The Feels
10%
RnB 9 112 Smile
0%
Rapper 7 Baby Keem Pink Panties
0%
Indie Pop 7 Beach Bunny Sports
0%
Indie Pop 3 D4vd Sleep Well
0%
Rock 4 Daughtry Home
0%
Rapper 6 Denzel Curry Angelz
0%
RnB 1 Jacquees B.E.D
0%
K-POP 10 J-hope Killin It Girl
0%
Country 7 Kenny Chesney Fall In Love
0%
Indie Pop 4 Mac DeMarco Moonlight On The River
0%
Pop 7 Nelly Furtando Say it Right
0%
K-POP 8 SEVENTEEN HOT
0%
K-POP 5 Stray kids Lose My Breath
0%
RnB 7 T-Pain Buy U a Drank
0%
Country 5 Tracy Lawrence How a Cowgirl Says Goodbye
0%
Country 10 Zach Top Lonely For Long
0%
No matching quizzes found
Score Distribution
Percent of People with Each Score
Percentile by Number Answered
Your Score History
You have not taken this quiz since the last reset